[Event "USA-ch11 prel 05 corr"]
[Site "USA"]
[Date "1992.08.15"]
[Round "?"]
[White "Canel, Erik"]
[Black "Duliba, Edward"]
[Result "0-1"]
[WhiteElo "2030"]
[BlackElo "2080"]
[PlyCount "31"]
[EventDate "1992.??.??"]
[EventType "tourn (corr)"]
[EventRounds "14"]
[EventCountry "USA"]
[SourceTitle "Corr 2006"]
[Source "ChessBase"]
[SourceDate "2006.04.01"]
[SourceVersion "3"]
[SourceVersionDate "2006.04.01"]
[SourceQuality "1"]

1. e4 e5 2. f4 exf4 3. Nf3 g5 4. h4 g4 5. Ne5 Bg7 6. d4 d6 7. Nxg4 Bxg4 8. Qxg4 Bxd4 9. Nc3 Nf6 10. Qf5 Bxc3+ 11. bxc3 Nbd7 12. Rb1 Qe7 13. Bd3 0-0-0 14. 0-0 Rde8 15. Bxf4 Qe6 16. Qa5 0-1